Research Methodology in Economics : Problem and issues (Record no. 9)

MARC details
000 -LEADER
fixed length control field 00406nam a22001577a 4500
005 - DATE AND TIME OF LATEST TRANSACTION
control field 20210925161010.0
008 - FIXED-LENGTH DATA ELEMENTS--GENERAL INFORMATION
fixed length control field 160426b xxu||||| |||| 00| 0 eng d
020 ## - INTERNATIONAL STANDARD BOOK NUMBER
ISBN 81-7629-903-0
041 ## - LANGUAGE CODE
Language code of text/sound track or separate title eng
082 ## - DEWEY DECIMAL CLASSIFICATION NUMBER
Item number 00056
100 ## - MAIN ENTRY--AUTHOR NAME
Personal name Das & Gupta. Manass
245 ## - TITLE STATEMENT
Title Research Methodology in Economics : Problem and issues
260 ## - PUBLICATION, DISTRIBUTION, ETC. (IMPRINT)
Place of publication New Delhi
Name of publisher Deep & Deep Pub. Pvt. Ltd
300 ## - PHYSICAL DESCRIPTION
Number of Pages 196
942 ## - ADDED ENTRY ELEMENTS (KOHA)
Koha item type Books
Holdings
Lost status Damaged status Collection code Home library Current library Shelving location Date acquired Cost, normal purchase price Full call number Accession Number Koha item type
    MANAGEMENT JRU Library JRU Library   26/04/2016 180.00 00056 00056 Books
    MANAGEMENT JRU Library JRU Library   26/04/2016 180.00 00056 00057 Books
    MANAGEMENT JRU Library JRU Library   26/04/2016 180.00 00056 00058 Books
      JRU Library   SHELF -72 - J 26/04/2016 180.00 00056 00059 Books
    MANAGEMENT JRU Library JRU Library   26/04/2016 180.00 00056 00060 Books
    MANAGEMENT JRU Library JRU Library   26/04/2016 180.00 00056 00061 Books
    MANAGEMENT JRU Library JRU Library   26/04/2016 180.00 00056 00062 Books
    MANAGEMENT JRU Library JRU Library   26/04/2016 180.00 00056 00063 Books
    MANAGEMENT JRU Library JRU Library   26/04/2016 180.00 00056 00064 Books